Normal view
MARC view
Entry Personal Name
001 - CONTROL NUMBER
- control field: 12988
003 - CONTROL NUMBER IDENTIFIER
- control field: BD-RjUL
005 - DATE AND TIME OF LATEST TRANSACTION
- control field: 20240513183342.0
008 - FIXED-LENGTH DATA ELEMENTS
- fixed length control field: 240513|| aca||aabn | a|a d
040 ## - CATALOGING SOURCE
- Original cataloging agency: BD-RjUL
- Transcribing agency: BD-RjUL
100 ## - HEADING--PERSONAL NAME
- Personal name: Paul, N.K. Supervisor
670 ## - SOURCE DATA FOUND
- Source citation: Work cat.: (BD-RjUL)83732: Hossain, Nasima 12918, Quantitative anatomy of basal internode and in uitro response of leaf tissue of rice (oryza sativa) /, 1995